000 00541nam a2200193Ia 4500
005 20230506154254.0
008 131103s9999 xx 000 0 und d
040 _aLoreto College
041 _aEnglish
082 _aTAG 891.44
_bTAG-BHA
100 _aBhattacharya, Devipada
245 _aRabindra-carya
_cDevipada Bhattacharya
260 _aCalcutta
_bG.E.I. Pub
_c1985
300 _a255p
650 _aTagore, Rabindranath, 1861-1941 - Criticism and Interpretation
651 _aBengali Literature
850 _aLCLIB
942 _cBK
999 _c16915
_d67394